El grito de la grulla / (Registro nro. 32471)
[ vista simple ]
| 000 -CABECERA | |
|---|---|
| Longitud fija campo de control | 00898nam a2200265 a 4500 |
| 003 - • IDENTIFICADOR DELl NÚMERO DE CONTROL | |
| Identificador del número de control | CO-ViMGA |
| 005 - • FECHA Y HORA DE LA ÚLTIMA TRANSACCIÓN | |
| Fecha y hora de la última transacción | 20230915232012.0 |
| 008 - • CÓDIGOS DE INFORMACIÓN DE LONGITUD FIJA | |
| Códigos de información de longitud fija | 141112s2004 ck r 000 u spa d |
| 020 ## - • NÚMERO INTERNACIONAL NORMALIZADO PARA LIBROS | |
| Número Internacional Normalizado para Libros (ISBN) | 9788426367884 |
| 040 ## - FUENTE DE LA CATALOGACIÓN | |
| Centro catalogador de origen | CO-ViMGA |
| Lengua de catalogación | spa |
| Centro transcriptor | CO-ViMGA |
| 041 ## - • CÓDIGO DE LENGUA | |
| Código de lengua del texto/banda sonora o título independiente | spa |
| 043 ## - CÓDIGO DE ÁREA GEOGRÁFICA | |
| Código de área geográfica | e - sp - - - a - ja - - - |
| 100 1# - • PUNTO DE ACCESO PRINCIPAL-NOMBRE DE PERSONA | |
| Nombre de persona | Alonso Omeñaca, Samuel. |
| 245 10 - • TITULO PROPIAMENTE DICHO | |
| Título | El grito de la grulla / |
| Mención de responsabilidad, etc. | Samuel Alonso Omeñaca ; ilustraciones Tino Gatagán. |
| 300 ## - • DESCRIPCIÓN FÍSICA | |
| Extensión | 86 p. : il. ; 20 cm. |
| 490 ## - • MENCIÓN DE SERIE | |
| Mención de serie | Ala delta. Serie verde ; 11 |
| 521 ## - • NOTA DE PÚBLICO DESTINATARIO | |
| Nota público destinatario (R ) | Recomendado a partir de 10 años. |
| 650 14 - • PUNTO DE ACCESO ADICIONAL DE MATERIA - TÉRMINO DE MATERIA | |
| Término de materia o nombre geográfico como elemento inicial | Novela juvenil española. |
| 700 1# - • PUNTO DE ACCESO ADICIONAL - NOMBRE DE PERSONA | |
| Nombre de persona | Gatagán, Tino, 1951 - 2005, il. |
| 942 ## - ENTRADA DE ELEMENTOS AGREGADOS (KOHA) | |
| Fuente de clasificaión o esquema | Dewey Decimal Classification |
| Koha [por defecto] tipo de item | LIbro |
| Perdido | Fuente de clasificación o esquema | Estado Físico | No para préstamo | Forma de adquisición | Localización permanente | Localización actual | Fecha adquisición | Serie de enumeración / cronolog&íacute;a | Préstamos totales | Signatura completa | Código de barras | Fecha última consulta | Número de copia | Fecha del precio de reemplazo | Tipo de item de Koha | Localización en estanterías | Note pública |
|---|---|---|---|---|---|---|---|---|---|---|---|---|---|---|---|---|---|
| Dewey Decimal Classification | Infantil | Biblioteca Pública Puerto Lleras | Biblioteca Pública Puerto Lleras | 10/13/2023 | ALO6 | PLL00251 | 10/13/2023 | Ej.1 | 10/13/2023 | Libro Infantil | Literatura | ||||||
| Sala General | Biblioteca Pública Departamental Eduardo Carranza - Villavicencio | Biblioteca Pública Departamental Eduardo Carranza - Villavicencio | 11/27/2006 | N ALO6g | ECA2047 | 11/26/2024 | Ej.1 | 11/26/2024 | LIbro | General | 3438 | 5065 | ||||||
| Dewey Decimal Classification | Sala Infantil Segundo Piso | Biblioteca Pública Germán Arciniegas - Villavicencio | Biblioteca Pública Germán Arciniegas - Villavicencio | 12/04/2015 | 27/feb/2013 | ALOg | 25470 | 12/04/2015 | Ej. 1 | 12/04/2015 | LIbro | ||||||
| Clasificación Local Facetada | Biblioteca Pública Puerto Concordia | Biblioteca Pública Puerto Concordia | 10/08/2025 | 0004 | 10/08/2025 | Ej.1 | 10/08/2025 | Libro Infantil | Sala Infantil |